000 01959cas a2200517 a 4500
999 _c532196
_d532196
001 11315166
003 NUST
005 20191112123425.0
008 811112c19uu9999nyuuu 0 a0eng c
010 _a 86645060
020 _a1859785530
024 _a9781859785539
035 _a(OCoLC)ocm07933015
038 _aMSOHAIL
040 _aSBL
_beng
_cSBL
_dDLC
_dNST
_dDLC
_dOCLCQ
_dOCLCF
_dOCLCO
_dOCLCQ
042 _apcc
043 _an-us---
050 0 0 _aKF902.Z9
_bC65
082 0 0 _a0
_a0
_219
100 _aJeremy Hackett
_925547
245 0 0 _aConstruction claims:
_bCurrent Practice and Case Management
260 _aLondon:
_bLLP Professional Publishing
_cc2000
300 _ap;323
_billustrations ;
_c22 cm.
336 _atext
_btxt
_2rdacontent
337 _aunmediated
_bn
_2rdamedia
338 _avolume
_bnc
_2rdacarrier
490 1 _aReal estate law and practice course handbook series
504 _aIncludes bibliographical references.
588 _aDescription based on: Nov.-Dec. 1979.
588 _aLatest issue consulted: 1984.
590 _aSERBIB/SERLOC merged record
650 0 _aConstruction contracts
_zUnited States.
_91127
650 0 _aConstruction industry
_xLaw and legislation
_zUnited States.
_924626
650 0 _aLiability (Law)
_zUnited States.
_925548
650 0 _aActions and defenses
_zUnited States.
_925549
650 7 _aActions and defenses.
_2fast
_0(OCoLC)fst00796238
_925550
650 7 _aConstruction contracts.
_2fast
_0(OCoLC)fst00875896
_925551
650 7 _aConstruction industry
_xLaw and legislation.
_2fast
_0(OCoLC)fst00876056
_924623
650 7 _aLiability (Law)
_2fast
_0(OCoLC)fst00997079
_925552
651 7 _aUnited States.
_2fast
_0(OCoLC)fst01204155
_97952
710 2 _aPractising Law Institute.
_911464
830 0 _aReal estate law and practice course handbook series.
_925553
906 _a7
_bcbc
_cserials
_d3
_encip
_f19
_gn-oclcserc
942 _2ddc
_cBK